ბათუმის შოთა რუსთაველის სახელმწიფო უნივერსიტეტის ბიბლიოთეკა

Древнейшие цивилизации Ближнего Востока / (ბიბ.ჩანაწერი № 61481)

000 -LEADER
fixed length control field 00676nam a22001817a 4500
005 - DATE AND TIME OF LATEST TRANSACTION
control field 20240319114753.0
008 - FIXED-LENGTH DATA ELEMENTS--GENERAL INFORMATION
fixed length control field 240319s1982 ru ||||| |||| 00| 0 rus d
041 ## - LANGUAGE CODE
Language code of text/sound track or separate title rus
080 ## - UNIVERSAL DECIMAL CLASSIFICATION NUMBER
Universal Decimal Classification number 930.85 M-47
100 ## - MAIN ENTRY--PERSONAL NAME
Personal name Мелларт, Дж.
9 (RLIN) 21464
245 ## - TITLE STATEMENT
Title Древнейшие цивилизации Ближнего Востока /
Statement of responsibility, etc. Дж. Мелларт.
264 ## - PRODUCTION, PUBLICATION, DISTRIBUTION, MANUFACTURE, AND COPYRIGHT NOTICE
Place of production, publication, distribution, manufacture М.:
Name of producer, publisher, distributor, manufacturer Наука,
Date of production, publication, distribution, manufacture, or copyright notice 1982.
300 ## - PHYSICAL DESCRIPTION
Extent 152 с. :
Other physical details ил. ;
Dimensions 20 см.
653 ## - INDEX TERM--UNCONTROLLED
keyword ახლო აღმოსავლეთის უძველესი ცივილიზაციები
653 ## - INDEX TERM--UNCONTROLLED
keyword ისტორია
653 ## - INDEX TERM--UNCONTROLLED
keyword არქეოლოგია
942 ## - ADDED ENTRY ELEMENTS (KOHA)
Source of classification or shelving scheme
Koha item type წიგნი
ეგზემპლარები
Withdrawn status Lost status Source of classification or shelving scheme Damaged status Not for loan Permanent Location Current Location Shelving location Date acquired Cost, normal purchase price Full call number Barcode Date last seen Copy number Uniform Resource Identifier Price effective from Koha item type Public note
          ბათუმის შოთა რუსთაველის სახელმწიფო უნივერსიტეტის მთავარი ბიბლიოთეკა ბათუმის შოთა რუსთაველის სახელმწიფო უნივერსიტეტის მთავარი ბიბლიოთეკა წიგნსაცავი 2024-03-19 5.00 930.85 M-47 65757 2024-03-19 65757 ბსუ-ს საპატიო დოქტორის გურამ ლორთქიფანიძის საჩუქარი 2024-03-19 წიგნი 5 ლ.